000 00384nam a2200133Ia 4500
008 231129s2011||||xx |||||||||||||| ||spa||
020 _a978-958-8827-21-6
082 _a927 M672t
100 _aMiranda ílvaro
245 0 _aTotó la Momposina: memoria del tambor
260 _c2011
264 _aBogotá: Ministerio de Cultura
942 _2ddc
_cBKS
999 _c25528
_d25528